000 00777nam a2200253Ia 4500
003 GCL
005 20240530104826.0
008 140319s9999 xx 000 0 ara d
040 _aGCL /
_cGCL
082 0 4 _a842.043
_bس ش
100 1 _aمحمود قاسم
245 1 0 _aشارع دوران : اقسام الظهيرة /
_cمحمود قاسم
300 _a334 ص
490 _aمن المسرح العالمى
_v0
650 0 4 _aالادب الفرنسى
650 0 4 _aالمسرحيات الفرنسية
700 1 _aعبدالغفار مكاوى
700 1 _aمحمود ابراهيم
700 1 _aنادية كامل
700 1 _aسالاكرو، ارمان
700 1 _aنور الدين خضير
700 1 _aكلوديل, بول
942 _2ddc
_cBK
999 _c50966
_d50966